Space, time and gravitation: (Record no. 8628)

MARC details
000 -LEADER
fixed length control field 00568nam a22001937a 4500
003 - CONTROL NUMBER IDENTIFIER
control field OSt
005 - DATE AND TIME OF LATEST TRANSACTION
control field 20240619093150.0
008 - FIXED-LENGTH DATA ELEMENTS--GENERAL INFORMATION
fixed length control field 240619b |||||||| |||| 00| 0 eng d
020 ## - INTERNATIONAL STANDARD BOOK NUMBER
International Standard Book Number 0521337097
040 ## - CATALOGING SOURCE
Transcribing agency must
082 ## - DEWEY DECIMAL CLASSIFICATION NUMBER
Classification number 530.11 EDD 1920
100 ## - MAIN ENTRY--PERSONAL NAME
Personal name Eddington,Arthur
9 (RLIN) 17477
245 ## - TITLE STATEMENT
Title Space, time and gravitation:
Remainder of title An outline of the general relativity theory/
Statement of responsibility, etc. Arthur Eddington.
260 ## - PUBLICATION, DISTRIBUTION, ETC. (IMPRINT)
Place of publication, distribution, etc. New york:
Name of publisher, distributor, etc. Cambridge science classic;
Date of publication, distribution, etc. c1920.
300 ## - PHYSICAL DESCRIPTION
Extent xii,218p.:
Other physical details ill;
Dimensions 21cm.
504 ## - BIBLIOGRAPHY, ETC. NOTE
Bibliography, etc Includes index
600 ## - SUBJECT ADDED ENTRY--PERSONAL NAME
Source of heading or term Physics
942 ## - ADDED ENTRY ELEMENTS (KOHA)
Source of classification or shelving scheme Dewey Decimal Classification
Koha item type Open Shelf
Holdings
Withdrawn status Lost status Source of classification or shelving scheme Damaged status Not for loan Home library Current library Date acquired Source of acquisition Inventory number Total Checkouts Full call number Barcode Date last seen Price effective from Koha item type
    Dewey Decimal Classification     MUST Main Library MUST Main Library 19/06/2024 purchase 05/24832   530.11 EDD 1920 2024-20847 19/06/2024 19/06/2024 Open Shelf
    Dewey Decimal Classification     MUST Main Library MUST Main Library 19/06/2024 purchase 4/22747   530.11 EDD 1920 2024-20850 19/06/2024 19/06/2024 Open Shelf
    Dewey Decimal Classification     MUST Main Library MUST Main Library 19/06/2024 purchase 04/22748   530.11 EDD 1920 2024-20851 19/06/2024 19/06/2024 Open Shelf
    Dewey Decimal Classification     MUST Main Library MUST Main Library 19/06/2024 purchase 05/24520   530.11 EDD 1920 2024-20857 19/06/2024 19/06/2024 Open Shelf